Bola Ige and the ecumenical movement / (Record no. 14981)

MARC details
000 -LEADER
fixed length control field 00666nam a2200229Ia 4500
008 - FIXED-LENGTH DATA ELEMENTS--GENERAL INFORMATION
fixed length control field 210303s9999 xx 000 0 und d
016 ## - NATIONAL BIBLIOGRAPHIC AGENCY CONTROL NUMBER
Source retro2021
020 ## - INTERNATIONAL STANDARD BOOK NUMBER
ISBN 9783575376
040 ## - CATALOGING SOURCE
Original cataloging agency NLN
Language of cataloging English
Description conventions AACR2
100 ## - MAIN ENTRY--AUTHOR
Author ODUYOYE, Modupe
Relator term aut
245 #0 - TITLE STATEMENT
Title Bola Ige and the ecumenical movement /
Statement of responsibility, etc Modupe Oduyoye
260 ## - PUBLICATION, DISTRIBUTION, ETC. (IMPRINT)
Place of publication Ibadan, Oyo State :
Name of publisher Sefer Books,
Date of publication 2002
300 ## - COLLATION
Pagination 40p. ;
Other physical details 18cm.
563 ## - BINDING INFORMATION
Binding note (pbk)
650 ## - TRACINGS
Main Subject Ige, Bola 1930-2001
650 ## - TRACINGS
Main Subject Politician
Subdivision (1st) Nigeria
Subdivision (2nd) Biography
650 ## - TRACINGS
Main Subject Christian sects
650 ## - TRACINGS
Main Subject Ecumenical movement
942 ## - ADDED ENTRY ELEMENTS (KOHA)
Suppress in OPAC No
Item type Books
050 ## - LIBRARY OF CONGRESS CALL NUMBER
Classification number DT515.6
Item number .O27
082 ## - DEWEY DECIMAL CLASSIFICATION NUMBER
Classification number 923.2
Holdings
Source of classification or shelving scheme Not for loan Home library Current library Date acquired Full call number Barcode. Koha item type
Library of Congress Classification   IBADAN BRANCH LIBRARY National Library of Nigeria 04/03/2021 DT515.6 .O27 2024-0227 Books
Library of Congress Classification   LAGOS BRANCH National Library of Nigeria 12/09/2023 DT515.6 .O27 2023-0432 Books

National Library of Nigeria OPAC is powered by Koha